|
|
|
|
| LEADER |
00000cam a2200000 7i4500 |
| 001 |
0000001301 |
| 005 |
20011204.0 |
| 090 |
0 |
0 |
|a R THE 634.9809595
|b NIK 1994
|
| 100 |
0 |
0 |
|a NIK Mohammad Shah bin Nik Mustafa
|
| 245 |
1 |
0 |
|a Environmental guidelines for selective management system :
|b A case study on logging impacts in Peninsular Malaysia
|c by Nik Mohammad Shah bin Nik Mustafa
|
| 260 |
0 |
0 |
|a Bangor, Wales :
|b University of Wales ,
|c 1994
|
| 300 |
|
|
|a xii, 98 p. ;
|c 30 cm.
|
| 500 |
0 |
0 |
|a Bibliography : [p. 86-93]
|
| 500 |
0 |
0 |
|a Thesis - M. Sc. in Environmental Forestry - University of Wales (1994)
|
| 650 |
0 |
0 |
|a Forest ecology
|z Malaysia
|
| 650 |
0 |
0 |
|a Logging
|z Malaysia
|
| 998 |
|
|
|a JPSM
|
| 999 |
|
|
|a 0000000640
|b Monograph
|c Thesis
|e Default branch
|